[Event "Fagernes International 2022"]
[Site "Fagernes"]
[Date "2022.04.17"]
[Round "9.6"]
[White "Carlin, Tormod"]
[Black "Paulien, Pascal"]
[Result "1-0"]
[WhiteElo "1630"]
[BlackElo "1815"]
[Annotator "NA RC"]
[PlyCount "63"]
[EventDate "2022.04.10"]
[EventCountry "NOR"]
[SourceTitle "playchess.com"]
[Source "ChessBase"]
[SourceQuality "1"]

1. d4 {[%emt 0:00:04]} Nf6 {[%emt 0:00:32]} 2. c4 {[%emt 0:00:09]} e6 {[%emt 0:00:18]} 3. Nc3 {[%emt 0:00:13]} d5 {[%emt 0:00:15]} 4. cxd5 {[%emt 0:00:05]} exd5 {[%emt 0:00:15]} 5. Bg5 {[%emt 0:00:04]} c6 {[%emt 0:01:15]} 6. Qc2 {[%emt 0:00:07]} Be7 {[%emt 0:01:49]} 7. e3 {[%emt 0:00:07]} h6 {[%emt 0:00:59]} 8. Bh4 {[%emt 0:00:06]} Be6 {[%emt 0:01:26]} 9. Bd3 {[%emt 0:00:08]} Nbd7 {[%emt 0:00:09]} 10. Nge2 {[%emt 0:00:06]} Nh5 {[%emt 0:02:26]} 11. Bxe7 {[%emt 0:00:12]} Qxe7 {[%emt 0:00:06]} 12. O-O {[%emt 0:00:10]} O-O {[%emt 0:00:14]} 13. Rae1 {[%emt 0:01:32]} Rae8 {[%emt 0:04:51]} 14. h3 {[%emt 0:04:47]} c5 {[%emt 0:05:41]} 15. f4 {[%emt 0:05:29]} f5 {[%emt 0:02:04]} 16. dxc5 {[%emt 0:07:14]} Nxc5 {[%emt 0:00:45]} 17. Nd4 {[%emt 0:00:10]} Nxd3 {[%emt 0:01:44]} 18. Qxd3 {[%emt 0:06:02]} Rd8 {[%emt 0:10:06]} 19. Nf3 {[%emt 0:00:41]} Ng3 {[%emt 0:00:34]} 20. Rf2 {[%emt 0:00:05]} Ne4 {[%emt 0:08:38]} 21. Rc2 {[%emt 0:00:07]} g5 {[%emt 0:00:04]} 22. Ne5 {[%emt 0:01:34]} Kh7 {[%emt 0:01:10]} 23. Nb5 {[%emt 0:01:53]} gxf4 {[%emt 0:01:28]} 24. Rc7 {[%emt 0:04:14]} Bd7 {[%emt 0:03:01]} 25. Qxd5 {[%emt 0:03:51]} f3 {[%emt 0:00:37]} 26. Nxf3 {[%emt 0:01:02]} Rf7 {[%emt 0:04:45]} 27. Ne5 {[%emt 0:13:25]} Rg7 {[%emt 0:00:08]} 28. Nxd7 {[%emt 0:07:56]} Rxg2+ {[%emt 0:07:58]} 29. Kxg2 {[%emt 0:00:48]} Qg7+ {[%emt 0:23:56]} 30. Kh1 {[%emt 0:00:22]} Qg3 {[%emt 0:05:20]} 31. Nf8+ {[%emt 0:00:26]} Kh8 {[%emt 0:00:05]} 32. Rh7# {[%emt 0:00:04]} 1-0

[Event "Fagernes International 2022"]
[Site "Fagernes"]
[Date "2022.04.17"]
[Round "9.7"]
[White "Pedersen, Max Moe"]
[Black "Tiupenko, Mihail"]
[Result "1-0"]
[WhiteElo "1933"]
[BlackElo "1621"]
[Annotator "TA"]
[PlyCount "53"]
[EventDate "2022.04.10"]
[EventCountry "NOR"]
[SourceTitle "playchess.com"]
[Source "ChessBase"]
[SourceQuality "1"]

{[%evp 11,52,27,33,39,47,59,67,83,220,189,237,189,282,269,288,265,346,364,757,730,772,751,907,888,1003,983,1092,885,874,848,1050,850,931,854,850,833,1388,1366,1437,1429,29990,29991,29999]} 1. d4 {[%emt 0:00:18]} d5 {[%emt 0:00:05]} 2. c4 {[%emt 0:00:06]} e6 {[%emt 0:00:09]} 3. Nf3 {[%emt 0:00:05]} Nf6 {[%emt 0:00:07]} 4. Nc3 {[%emt 0:00:03]} Be7 {[%emt 0:00:48]} 5. Bf4 {[%emt 0:00:07]} O-O {[%emt 0:00:28]} 6. e3 {[%emt 0:00:06]} Nh5 {[%emt 0:01:21]} 7. Be5 {[%emt 0:04:11] D37: Queen's Gambit Declined: 5 Bf4.} f6 {[%emt 0:02:25]} 8. Bg3 {[%emt 0:00:08]} Nxg3 {[%emt 0:00:31]} 9. hxg3 {[%emt 0:00:08] White is slightly better.} b6 {[%emt 0:01:58]} (9... g6 $16 {was worth a try.}) 10. Qc2 {[%emt 0:01:36]} f5 {[%emt 0:01:07] [#]} (10... g6 {is a better defense.} 11. cxd5 Bb4 12. dxe6 Bxe6) 11. g4 $146 {[%emt 0:01:19]} ({Predecessor:} 11. cxd5 exd5 12. Nxd5 c6 13. Nf4 Bb4+ 14. Kd1 Bd6 15. Bc4+ Rf7 16. Qb3 Qe7 17. Ng6 Qf6 18. Ng5 {1-0 (18) Dziuba,M (2538)-Budzinski,J (1823) Warsaw 2007}) 11... c6 {[%emt 0:08:08]} (11... Bb4 $142 12. gxf5 exf5 13. cxd5 g6) 12. gxf5 $18 {[%emt 0:00:38]} exf5 {[%emt 0:03:28]} 13. cxd5 {[%emt 0:00:18]} cxd5 {[%emt 0:01:02]} 14. Nxd5 {[%emt 0:00:16][%cal Bc3d5,Bd5c7,Bc7a8][%mdl 32] [#] Threatens to win with Bc4.} Be6 $2 {[%emt 0:01:14]} (14... Qxd5 $2 15. Bc4 Be6 16. Bxd5 $18) (14... Bd6 15. Bc4 Kh8) 15. Nc7 {[%emt 0:01:09] Pair of Knights!} Qc8 {[%emt 0:06:32]} 16. Rc1 {[%emt 0:02:40]} Kh8 {[%emt 0:04:57]} 17. Ne5 {[%emt 0:04:14] Ng6+ is the strong threat.} Bb4+ {[%emt 0:02:21]} 18. Kd1 {[%emt 0:00:28]} Bf7 {[%emt 0:08:09]} 19. Nxf7+ {[%emt 0:01:26]} Rxf7 {[%emt 0:00:16]} 20. Nxa8 {[%emt 0:00:09]} Qf8 {[%emt 0:00:46]} 21. Qc8 {[%emt 0:00:53]} Nd7 {[%emt 0:00:34]} 22. Qxf8+ {[%emt 0:00:36]} Nxf8 {[%emt 0:00:16]} 23. Nc7 {[%emt 0:00:06]} Rxc7 {[%emt 0:01:00]} 24. Rxc7 {[%emt 0:00:16]} Ne6 {[%emt 0:00:09]} 25. Rc8+ {[%emt 0:00:10]} Bf8 {[%emt 0:00:05]} 26. Bc4 {[%emt 0:00:10]} Nc5 {[%emt 0:00:11]} 27. Rxf8# {[%emt 0:00:07] Black got outplayed after the opening.  Weighted Error Value: White=0.18 (very precise) /Black=1.10} 1-0

[Event "Fagernes International 2022"]
[Site "Fagernes"]
[Date "2022.04.17"]
[Round "9.8"]
[White "Galinsky, Misha"]
[Black "Vangen, David Luangtep"]
[Result "1/2-1/2"]
[WhiteElo "1744"]
[BlackElo "1665"]
[Annotator "NA RC"]
[PlyCount "105"]
[EventDate "2022.04.10"]
[EventCountry "NOR"]
[SourceTitle "playchess.com"]
[Source "ChessBase"]
[SourceQuality "1"]

1. d4 {[%emt 0:00:02]} Nf6 {[%emt 0:04:02]} 2. c4 {[%emt 0:00:18]} g6 {[%emt 0:00:17]} 3. Nf3 {[%emt 0:01:06]} Bg7 {[%emt 0:00:45]} 4. g3 {[%emt 0:00:38]} O-O {[%emt 0:06:08]} 5. Bg2 {[%emt 0:00:15]} d6 {[%emt 0:03:43]} 6. Nc3 {[%emt 0:01:12]} Na6 {[%emt 0:03:13]} 7. e4 {[%emt 0:01:10]} c5 {[%emt 0:02:10]} 8. d5 {[%emt 0:00:28]} Bg4 {[%emt 0:00:59]} 9. h3 {[%emt 0:01:28]} Bxf3 {[%emt 0:00:21]} 10. Bxf3 {[%emt 0:00:05]} Nc7 {[%emt 0:08:45]} 11. Qc2 {[%emt 0:06:37]} a6 {[%emt 0:03:48]} 12. a4 {[%emt 0:04:48]} Qd7 {[%emt 0:04:59]} 13. a5 {[%emt 0:02:51]} Rab8 {[%emt 0:05:22]} 14. g4 {[%emt 0:03:50]} b5 {[%emt 0:06:45]} 15. axb6 {[%emt 0:07:00]} Rxb6 {[%emt 0:00:19]} 16. g5 {[%emt 0:00:41]} Nfe8 {[%emt 0:00:44]} 17. Bg4 {[%emt 0:00:14]} e6 {[%emt 0:01:36]} 18. f4 {[%emt 0:04:52]} f5 {[%emt 0:04:32]} 19. exf5 {[%emt 0:01:51]} gxf5 {[%emt 0:03:28]} 20. Bf3 {[%emt 0:00:31]} exd5 {[%emt 0:08:17]} 21. Nxd5 {[%emt 0:02:19]} Nxd5 {[%emt 0:00:10]} 22. Bxd5+ {[%emt 0:00:03]} Kh8 {[%emt 0:00:10]} 23. Ra3 {[%emt 0:08:34]} Nc7 {[%emt 0:01:12]} 24. Rd3 {[%emt 0:24:09]} Re8+ {[%emt 0:00:30]} 25. Kf1 {[%emt 0:01:32]} Qe7 {[%emt 0:01:59]} 26. Bf3 {[%emt 0:10:57]} Ne6 {[%emt 0:02:26]} 27. Re3 {[%emt 0:10:11]} Qf8 {[%emt 0:00:02]} 28. Qe2 {[%emt 0:06:03]} Nc7 {[%emt 0:03:59]} 29. Rh2 {[%emt 0:01:35]} Rbb8 {[%emt 0:02:56]} 30. Bc6 {[%emt 0:06:55]} Rxe3 {[%emt 0:00:32]} 31. Qxe3 {[%emt 0:00:01]} Qf7 {[%emt 0:04:44]} 32. Qd3 {[%emt 0:02:09]} Bd4 {[%emt 0:01:02]} 33. b3 {[%emt 0:01:23]} d5 {[%emt 0:01:45]} 34. Be3 {[%emt 0:02:58]} Bxe3 {[%emt 0:00:51]} 35. Qxe3 {[%emt 0:00:02]} dxc4 {[%emt 0:00:41]} 36. Qc3+ {[%emt 0:01:04]} Qg7 {[%emt 0:04:07]} 37. Qxc4 {[%emt 0:00:40]} Qa1+ {[%emt 0:01:20]} 38. Kg2 {[%emt 0:00:01]} Qb2+ {[%emt 0:01:03]} 39. Kg3 {[%emt 0:00:02]} Rxb3+ {[%emt 0:04:49]} 40. Kh4 {[%emt 0:00:28]} Qxh2 {[%emt 0:04:17]} 41. Qxb3 {[%emt 0:00:12]} Qxf4+ {[%emt 0:00:36]} 42. Kh5 {[%emt 0:00:01]} Qe5 {[%emt 0:02:43]} 43. Qf7 {[%emt 0:01:55]} Qe2+ {[%emt 0:08:34]} 44. Kh4 {[%emt 0:00:21]} Qe1+ {[%emt 0:00:39]} 45. Kh5 {[%emt 0:00:07]} Qd1+ {[%emt 0:00:13]} 46. Kh4 {[%emt 0:01:02]} Qe1+ {[%emt 0:02:08]} 47. Kh5 {[%emt 0:00:09]} Qd1+ {[%emt 0:02:38]} 48. Kh4 {[%emt 0:00:06]} Qd6 {[%emt 0:00:58]} 49. Bd7 {[%emt 0:07:25]} Nd5 {[%emt 0:04:35]} 50. Bxf5 {[%emt 0:10:04]} Qe7 {[%emt 0:08:31]} 51. Qxd5 {[%emt 0:00:41]} h6 {[%emt 0:00:05]} 52. Kg3 {[%emt 0:10:59]} Qxg5+ {[%emt 0:00:17]} 53. Kf3 {[%emt 0:01:19]} 1/2-1/2

[Event "Fagernes International 2022"]
[Site "Fagernes"]
[Date "2022.04.17"]
[Round "9.9"]
[White "Simonsen, David Mindestrommen"]
[Black "Rynning, Rune Kleiven"]
[Result "1-0"]
[WhiteElo "1633"]
[BlackElo "1694"]
[Annotator "NA RC"]
[PlyCount "79"]
[EventDate "2022.04.10"]
[EventCountry "NOR"]
[SourceTitle "playchess.com"]
[Source "ChessBase"]
[SourceQuality "1"]

1. e4 {[%emt 0:00:03]} c5 {[%emt 0:00:06]} 2. Nf3 {[%emt 0:00:30]} d6 {[%emt 0:00:05]} 3. d4 {[%emt 0:00:24]} cxd4 {[%emt 0:00:07]} 4. Qxd4 {[%emt 0:00:23]} Nc6 {[%emt 0:00:07]} 5. Bb5 {[%emt 0:00:18]} Bd7 {[%emt 0:00:06]} 6. Bxc6 {[%emt 0:00:07]} Bxc6 {[%emt 0:00:10]} 7. Nc3 {[%emt 0:00:25]} Nf6 {[%emt 0:00:28]} 8. Bg5 {[%emt 0:00:08]} e6 {[%emt 0:00:11]} 9. O-O-O {[%emt 0:00:31]} Be7 {[%emt 0:00:14]} 10. Rhe1 {[%emt 0:00:24]} O-O {[%emt 0:00:43]} 11. Kb1 {[%emt 0:00:22]} Qc7 {[%emt 0:00:42]} 12. Qd2 {[%emt 0:00:58]} Rfd8 {[%emt 0:00:54]} 13. Nd4 {[%emt 0:01:17]} Rab8 {[%emt 0:03:17]} 14. f3 {[%emt 0:02:56]} b5 {[%emt 0:04:40]} 15. g4 {[%emt 0:00:43]} b4 {[%emt 0:04:37]} 16. Nce2 {[%emt 0:00:20]} a5 {[%emt 0:08:32]} 17. h4 {[%emt 0:02:01]} Ba4 {[%emt 0:25:36]} 18. Nf4 {[%emt 0:03:05]} h6 {[%emt 0:15:02]} 19. Bxf6 {[%emt 0:06:45]} Bxf6 {[%emt 0:00:03]} 20. Nfxe6 {[%emt 0:00:38]} fxe6 {[%emt 0:00:08]} 21. Nxe6 {[%emt 0:00:05]} Qb6 {[%emt 0:13:51]} 22. Nxd8 {[%emt 0:00:56]} Rxd8 {[%emt 0:00:02]} 23. g5 {[%emt 0:02:07]} Bc3 {[%emt 0:03:49]} 24. Qd5+ {[%emt 0:00:11]} Kh8 {[%emt 0:03:26]} 25. Rg1 {[%emt 0:03:29]} Bxc2+ {[%emt 0:06:48]} 26. Kxc2 {[%emt 0:02:30]} Qf2+ {[%emt 0:00:39]} 27. Kb3 {[%emt 0:00:52]} a4+ {[%emt 0:13:38]} 28. Kxa4 {[%emt 0:07:21]} Qc2+ {[%emt 0:00:02]} 29. b3 {[%emt 0:01:48]} Qxa2+ {[%emt 0:00:06]} 30. Kb5 {[%emt 0:00:05]} Rb8+ {[%emt 0:01:02]} 31. Kc6 {[%emt 0:00:21]} Qa6+ {[%emt 0:03:20]} 32. Kd7 {[%emt 0:01:19]} Qc8+ {[%emt 0:01:29]} 33. Kxd6 {[%emt 0:01:51]} Rb6+ {[%emt 0:01:57]} 34. Ke7 {[%emt 0:00:46]} Rb7+ {[%emt 0:00:10]} 35. Qxb7 {[%emt 0:00:10]} Qxb7+ {[%emt 0:00:04]} 36. Rd7 {[%emt 0:00:12]} Qb6 {[%emt 0:01:56]} 37. Rd8+ {[%emt 0:00:18]} Kh7 {[%emt 0:00:27]} 38. g6+ {[%emt 0:00:20]} Qxg6 {[%emt 0:00:19]} 39. Rh8+ {[%emt 0:00:25]} Kxh8 {[%emt 0:00:11]} 40. Rxg6 {[%emt 0:00:02]} 1-0

[Event "Fagernes International 2022"]
[Site "Fagernes"]
[Date "2022.04.17"]
[Round "9.10"]
[White "Andersen, Martin K"]
[Black "Langvik, Ulrikke"]
[Result "0-1"]
[WhiteElo "1558"]
[BlackElo "1579"]
[Annotator "NA RC"]
[PlyCount "76"]
[EventDate "2022.04.10"]
[EventCountry "NOR"]
[SourceTitle "playchess.com"]
[Source "ChessBase"]
[SourceQuality "1"]

1. d4 {[%emt 0:53:29]} d5 {[%emt 0:01:39]} 2. c4 {[%emt 0:01:22]} e6 {[%emt 0:00:06]} 3. cxd5 {[%emt 0:00:06]} exd5 {[%emt 0:00:05]} 4. Nf3 {[%emt 0:00:08]} Bd6 {[%emt 0:01:38]} 5. Nc3 {[%emt 0:03:01]} c6 {[%emt 0:00:35]} 6. Qc2 {[%emt 0:02:08]} Ne7 {[%emt 0:08:33]} 7. e3 {[%emt 0:01:17]} Bf5 {[%emt 0:01:19]} 8. Bd3 {[%emt 0:01:28]} Bxd3 {[%emt 0:00:13]} 9. Qxd3 {[%emt 0:00:04]} Nd7 {[%emt 0:01:58]} 10. O-O {[%emt 0:01:57]} O-O {[%emt 0:00:30]} 11. a3 {[%emt 0:01:50]} Ng6 {[%emt 0:04:36]} 12. b4 {[%emt 0:03:17]} b5 {[%emt 0:02:23]} 13. Bb2 {[%emt 0:01:16]} a5 {[%emt 0:03:21]} 14. Na2 {[%emt 0:06:00]} Nb6 {[%emt 0:07:47]} 15. Bc3 {[%emt 0:06:58]} a4 {[%emt 0:06:09]} 16. Nc1 {[%emt 0:03:12]} Nc4 {[%emt 0:02:17]} 17. Ne2 {[%emt 0:03:11]} Nh4 {[%emt 0:07:46]} 18. e4 {[%emt 0:07:36]} dxe4 {[%emt 0:13:52]} 19. Qxe4 {[%emt 0:00:21]} Re8 {[%emt 0:00:53]} 20. Qd3 {[%emt 0:04:52]} Nxf3+ {[%emt 0:04:30]} 21. Qxf3 {[%emt 0:00:09]} Qc7 {[%emt 0:00:12]} 22. h3 {[%emt 0:09:34]} Rad8 {[%emt 0:05:39]} 23. Nc1 {[%emt 0:05:00]} Bf4 {[%emt 0:06:38]} 24. Nd3 {[%emt 0:05:29]} Bd2 {[%emt 0:04:46]} 25. Nb2 {[%emt 0:04:08]} Bxc3 {[%emt 0:07:32]} 26. Qxc3 {[%emt 0:00:15]} Nxb2 {[%emt 0:00:06]} 27. Qxb2 {[%emt 0:00:03]} Rd5 {[%emt 0:02:27]} 28. Rac1 {[%emt 0:03:43]} Re4 {[%emt 0:04:05]} 29. Rfe1 {[%emt 0:01:25]} Rxe1+ {[%emt 0:01:33]} 30. Rxe1 {[%emt 0:00:07]} h6 {[%emt 0:01:20]} 31. Re8+ {[%emt 0:07:47]} Kh7 {[%emt 0:00:03]} 32. Re4 {[%emt 0:00:18]} Qd7 {[%emt 0:00:44]} 33. Qc2 {[%emt 0:05:29]} Kg8 {[%emt 0:05:41]} 34. Qd3 {[%emt 0:12:48]} f5 {[%emt 0:00:18]} 35. Rf4 {[%emt 0:03:37]} g5 {[%emt 0:00:47]} 36. Rf3 {[%emt 0:05:45]} Rxd4 {[%emt 0:00:03]} 37. Qc2 {[%emt 0:00:44]} Rd5 {[%emt 0:02:18]} 38. Rc3 {[%emt 0:01:15]} Rd2 {[%emt 0:01:12]} 0-1

[Event "Fagernes International 2022"]
[Site "Fagernes"]
[Date "2022.04.17"]
[Round "9.11"]
[White "Ji, Jiahao Eric"]
[Black "Gasland, Lukas Dominik"]
[Result "1-0"]
[WhiteElo "1664"]
[BlackElo "1478"]
[Annotator "NA RC"]
[PlyCount "39"]
[EventDate "2022.04.10"]
[EventCountry "NOR"]
[SourceTitle "playchess.com"]
[Source "ChessBase"]
[SourceQuality "1"]

1. e4 {[%emt 0:02:19]} c6 {[%emt 0:03:09]} 2. d4 {[%emt 0:00:14]} d5 {[%emt 0:00:07]} 3. f3 {[%emt 0:00:33]} dxe4 {[%emt 0:01:19]} 4. fxe4 {[%emt 0:00:08]} e5 {[%emt 0:08:00]} 5. Nf3 {[%emt 0:02:46]} exd4 {[%emt 0:00:18]} 6. Bc4 {[%emt 0:00:09]} Bb4+ {[%emt 0:39:50]} 7. c3 {[%emt 0:32:05]} Ba5 {[%emt 0:01:25]} 8. O-O {[%emt 0:03:01]} Nf6 {[%emt 0:05:51]} 9. Ng5 {[%emt 0:10:59]} O-O {[%emt 0:02:43]} 10. cxd4 {[%emt 0:20:41]} Bb6 {[%emt 0:05:35]} 11. Be3 {[%emt 0:00:47]} Qe7 {[%emt 0:00:27]} 12. Qb3 {[%emt 0:26:36]} h6 {[%emt 0:04:11]} 13. Nxf7 {[%emt 0:01:52]} Kh7 {[%emt 0:00:16]} 14. Nd2 {[%emt 0:07:45]} Nbd7 {[%emt 0:06:20]} 15. Qd3 {[%emt 0:01:15]} Ng4 {[%emt 0:05:58]} 16. e5+ {[%emt 0:00:25]} g6 {[%emt 0:00:09]} 17. h3 {[%emt 0:00:20]} Nxe3 {[%emt 0:04:51]} 18. Qxe3 {[%emt 0:00:33]} Qh4 {[%emt 0:02:48]} 19. Nf3 {[%emt 0:00:10]} Qh5 {[%emt 0:03:31]} 20. g4 {[%emt 0:00:12]} 1-0

[Event "Fagernes International 2022"]
[Site "Fagernes"]
[Date "2022.04.17"]
[Round "9.12"]
[White "Donchenko, Irina"]
[Black "Stenseng, Benjamin"]
[Result "1/2-1/2"]
[WhiteElo "2057"]
[BlackElo "1578"]
[Annotator "TA"]
[PlyCount "32"]
[EventDate "2022.04.10"]
[EventCountry "NOR"]
[SourceTitle "playchess.com"]
[Source "ChessBase"]
[SourceQuality "1"]

{[%evp 9,32,33,61,45,61,69,68,45,44,53,47,39,54,33,131,50,46,26,44,-21,0,0,0,-18,52]} 1. c4 c5 2. Nc3 Nf6 3. g3 e6 4. Bg2 Be7 5. Nf3 d6 6. O-O {A17: English Opening: 1...Nf6 with ...Bb4.} Nbd7 7. d4 cxd4 8. Qxd4 {White is slightly better.} a6 {Prevents Nb5.} 9. b3 O-O 10. Rd1 Rb8 {[#]} 11. Ba3 $146 ({Predecessor:} 11. Bb2 Qc7 12. Rac1 b6 13. Ng5 Rd8 14. Qh4 h6 15. Nge4 Bb7 16. Qf4 Nxe4 17. Nxe4 Bxe4 18. Qxe4 {½-½ (41) Fahnenschmidt,W (2130)-Molinaroli,M (2270) Germany 1992}) 11... Ne8 {[#]} (11... Qa5 $14 12. Bb2 b5) 12. Ne4 {0x0.0019b958a7a9dp-1022s more active pieces.} (12. Qa7 $1 $16) 12... Qa5 $1 $14 13. Bb2 (13. Nxd6 Bf6 14. Qd2 Qxa3 $17) 13... b5 14. Bc3 (14. Qd2 $14 Qxd2 15. Nexd2 (15. Nfxd2 f5 $11) (15. Rxd2 Bb7 $15)) 14... b4 {The position is equal.} 15. Bb2 h6 {Hoping for ...f5.} 16. g4 Nc5 {Weighted Error Value: White=0.26 (precise) /Black=0.20 (precise)} ({Black should play} 16... Bb7 $11) 1/2-1/2

[Event "Fagernes International 2022"]
[Site "Fagernes"]
[Date "2022.04.17"]
[Round "9.13"]
[White "Ji, Jiabao Eivind"]
[Black "Kittilsen, Sigurd"]
[Result "0-1"]
[WhiteElo "1437"]
[BlackElo "1848"]
[Annotator "NA RC"]
[PlyCount "68"]
[EventDate "2022.04.10"]
[EventCountry "NOR"]
[SourceTitle "playchess.com"]
[Source "ChessBase"]
[SourceQuality "1"]

1. e4 {[%emt 0:03:23]} c5 {[%emt 0:00:08]} 2. Nf3 {[%emt 0:01:51]} g6 {[%emt 0:00:23]} 3. d4 {[%emt 0:01:12]} cxd4 {[%emt 0:00:10]} 4. Nxd4 {[%emt 0:01:33]} Nc6 {[%emt 0:00:16]} 5. Nc3 {[%emt 0:05:26]} Bg7 {[%emt 0:00:17]} 6. Be3 {[%emt 0:02:03]} Nf6 {[%emt 0:00:23]} 7. Nb3 {[%emt 0:14:45]} O-O {[%emt 0:00:52]} 8. f3 {[%emt 0:00:57]} a5 {[%emt 0:01:12]} 9. Qd2 {[%emt 0:07:09]} a4 {[%emt 0:10:17]} 10. Nd4 {[%emt 0:02:08]} d5 {[%emt 0:04:35]} 11. exd5 {[%emt 0:02:49]} Nxd5 {[%emt 0:00:29]} 12. Nxc6 {[%emt 0:03:54]} bxc6 {[%emt 0:06:36]} 13. Nxd5 {[%emt 0:02:18]} Qxd5 {[%emt 0:02:26]} 14. Qxd5 {[%emt 0:00:42]} cxd5 {[%emt 0:02:11]} 15. O-O-O {[%emt 0:00:02]} Rb8 {[%emt 0:04:52]} 16. b3 {[%emt 0:02:25]} axb3 {[%emt 0:08:11]} 17. axb3 {[%emt 0:01:57]} Ra8 {[%emt 0:27:28]} 18. Bb5 {[%emt 0:09:47]} Ra2 {[%emt 0:12:10]} 19. Kd2 {[%emt 0:03:15]} d4 {[%emt 0:03:38]} 20. Bf2 {[%emt 0:01:40]} e5 {[%emt 0:08:28]} 21. Ra1 {[%emt 0:01:02]} Bh6+ {[%emt 0:00:22]} 22. Ke2 {[%emt 0:04:45]} Rxc2+ {[%emt 0:00:14]} 23. Kf1 {[%emt 0:00:34]} Be6 {[%emt 0:01:43]} 24. Rb1 {[%emt 0:01:11]} Rb8 {[%emt 0:01:08]} 25. Ba4 {[%emt 0:00:49]} Bc4+ {[%emt 0:00:57]} 26. Kg1 {[%emt 0:00:54]} d3 {[%emt 0:04:23]} 27. h4 {[%emt 0:05:27]} d2 {[%emt 0:01:46]} 28. Kh2 {[%emt 0:03:56]} Be2 {[%emt 0:01:55]} 29. b4 {[%emt 0:01:01]} d1=Q {[%emt 0:02:02]} 30. Re1 {[%emt 0:01:03]} Qxb1 31. Rxb1 Bd1 32. Bxc2 {[%emt 0:00:21]} Bxc2 {[%emt 0:00:08]} 33. Re1 {[%emt 0:00:34]} Rxb4 {[%emt 0:00:25]} 34. Rxe5 {[%emt 0:00:11]} Bf4+ {[%emt 0:00:17]} 0-1

[Event "Fagernes International 2022"]
[Site "Fagernes"]
[Date "2022.04.17"]
[Round "9.14"]
[White "Hellesoy, David"]
[Black "Wiig, Ole Martin"]
[Result "1/2-1/2"]
[WhiteElo "1561"]
[BlackElo "1797"]
[Annotator "NA RC"]
[PlyCount "99"]
[EventDate "2022.04.10"]
[EventCountry "NOR"]
[SourceTitle "playchess.com"]
[Source "ChessBase"]
[SourceQuality "1"]

1. e4 {[%emt 0:07:18]} d6 {[%emt 0:02:29]} 2. d4 {[%emt 0:00:07]} Nf6 {[%emt 0:00:24]} 3. f3 {[%emt 0:00:06]} Nbd7 {[%emt 0:01:54]} 4. Be3 {[%emt 0:00:24]} e5 {[%emt 0:00:17]} 5. d5 {[%emt 0:00:08]} c5 {[%emt 0:00:35]} 6. c4 {[%emt 0:00:54]} Be7 {[%emt 0:00:26]} 7. Nc3 {[%emt 0:00:32]} O-O {[%emt 0:00:17]} 8. g4 {[%emt 0:01:33]} Ne8 {[%emt 0:01:32]} 9. Nge2 {[%emt 0:02:27]} Bh4+ {[%emt 0:03:04]} 10. Ng3 {[%emt 0:00:06]} g6 {[%emt 0:00:14]} 11. Qd2 {[%emt 0:00:54]} Ng7 {[%emt 0:01:04]} 12. O-O-O {[%emt 0:00:20]} f6 {[%emt 0:06:07]} 13. Bd3 {[%emt 0:03:38]} Bg5 {[%emt 0:04:27]} 14. h4 {[%emt 0:00:43]} Bxe3 {[%emt 0:12:04]} 15. Qxe3 {[%emt 0:00:07]} Nb6 {[%emt 0:06:33]} 16. Qh6 {[%emt 0:00:52]} Rf7 {[%emt 0:06:46]} 17. g5 {[%emt 0:01:43]} Qf8 {[%emt 0:04:18]} 18. h5 {[%emt 0:04:38]} Nxh5 {[%emt 0:05:29]} 19. Nxh5 {[%emt 0:04:29]} Qxh6 {[%emt 0:03:46]} 20. gxh6 {[%emt 0:01:38]} gxh5 {[%emt 0:00:17]} 21. Nb5 {[%emt 0:03:14]} Rd7 {[%emt 0:01:57]} 22. Rdg1+ {[%emt 0:02:35]} Kh8 {[%emt 0:01:15]} 23. Rh2 {[%emt 0:10:45]} Rd8 {[%emt 0:03:32]} 24. Rhg2 {[%emt 0:01:19]} Bh3 {[%emt 0:01:51]} 25. Rg3 {[%emt 0:01:22]} a6 {[%emt 0:17:39]} 26. Nxd6 {[%emt 0:00:23]} Rxd6 {[%emt 0:00:21]} 27. Rxh3 {[%emt 0:00:06]} Rdd8 {[%emt 0:01:53]} 28. Rxh5 {[%emt 0:00:40]} Rg8 {[%emt 0:00:56]} 29. Rhh1 {[%emt 0:00:14]} Rg6 {[%emt 0:02:22]} 30. Rxg6 {[%emt 0:11:27]} hxg6 {[%emt 0:00:56]} 31. Bf1 {[%emt 0:00:50]} Kh7 {[%emt 0:02:45]} 32. b3 {[%emt 0:00:33]} Nc8 {[%emt 0:02:25]} 33. Bh3 {[%emt 0:01:06]} Nd6 {[%emt 0:00:13]} 34. Be6 {[%emt 0:02:21]} b5 {[%emt 0:02:34]} 35. cxb5 {[%emt 0:00:11]} axb5 {[%emt 0:00:13]} 36. Kb2 {[%emt 0:00:49]} Ra7 {[%emt 0:04:20]} 37. Rc1 {[%emt 0:06:23]} Rc7 {[%emt 0:03:05]} 38. a4 {[%emt 0:00:27]} bxa4 {[%emt 0:00:54]} 39. bxa4 {[%emt 0:00:58]} c4 {[%emt 0:01:07]} 40. Ka3 {[%emt 0:03:33]} Rb7 {[%emt 0:00:26]} 41. Rc3 {[%emt 0:02:59]} Kxh6 {[%emt 0:01:11]} 42. Bh3 {[%emt 0:00:24]} Rb1 {[%emt 0:02:44]} 43. Bd7 {[%emt 0:03:33]} Kg7 {[%emt 0:07:28]} 44. Bb5 {[%emt 0:04:09]} f5 {[%emt 0:05:39]} 45. exf5 {[%emt 0:02:52]} Nxb5+ {[%emt 0:09:16]} 46. axb5 {[%emt 0:00:50]} Rxb5 {[%emt 0:00:13]} 47. fxg6 {[%emt 0:02:41]} Rxd5 {[%emt 0:00:30]} 48. Kb4 {[%emt 0:00:39]} Kxg6 {[%emt 0:02:16]} 49. Rxc4 {[%emt 0:02:02]} Kf5 {[%emt 0:01:20]} 50. Kc3 {[%emt 0:00:03]} 1/2-1/2